| 000 | 00680nam a2200193 i 4500 | ||
|---|---|---|---|
| 001 | 24603 | ||
| 003 | ES-MaACL | ||
| 005 | 20230906153059.0 | ||
| 007 | t| | ||
| 008 | 021218s1954 sp |||| | spa d | ||
| 100 | 1 |
_aAparicio Laurencio, Angel. _922067 |
|
| 245 | 1 | 3 |
_aEl sistema penitenciario español y la redención de penas por el trabajo / _cÁngel Aparicio Laurencio ; prólogo de Calixto Belaustegui Más. |
| 260 |
_aMadrid : _bVictoriano Suárez, _c1954 ( _fRehymo) |
||
| 300 |
_a202 p. ; _c21 cm. |
||
| 650 | 0 | 4 |
_aPenas- _zEspaña. _915918 |
| 650 |
_aDerecho penitenciario- _zEspaña. _9176229 |
||
| 700 | 1 |
_aBelaustegui Más, Calixto. _927127 |
|
| 852 |
_aES-MaACL _jC-8262 |
||
| 999 |
_c24603 _d24603 |
||